Gaming Quiz

Random Gaming or Nintendo Quiz
Score 0/100 Timer 12:00
0 Plays Today
Column/row Name % Correct
A1Mario
99.3%
A2Donkey Kong
95.5%
A3Pikachu
94%
A6Yoshi
93.8%
A5Wario
91.6%
A8Bowser
90.5%
A4Link
88.8%
A9Peach
87.5%
A7Kirby
86.7%
B2Luigi
83.2%
A10Fox McCloud
79.6%
E9Jigglypuff
72.1%
I10King Boo
70.5%
J10Princess Zelda
69.8%
G6Waluigi
68.8%
B4Ness
61.8%
B10Ganondorf
59.7%
J9Samus Aran
58.9%
C3Misty
58.5%
B5Pit
57.8%
B9Popo
57.5%
B6Captain Falcon
56.4%
D4Meta Knight
55.6%
F3Game & Watch
53.8%
B1Olimar
52.6%
D1Mudkip
52.4%
G2R.O.B.
51.5%
F8King Dedede
50.1%
H3Lucario
46.8%
E10The Dog
44.3%
H10Marth
44.1%
I3Metroid
42%
I8Majora's Mask
40.5%
D2Funky Kong
40.3%
Column/row Name % Correct
I7Entei
37.6%
H2Tingle
36.9%
J3Nintendog
36.6%
F9Epona
36.3%
E3King K. Rool
35.7%
F2Little Mac
35.7%
G7Slippy Toad
35.1%
J4Cranky Kong
34.9%
E1Tom Nook
33%
G8Giovanni
31.6%
C9Kamek
31.2%
D8Ridley
30.6%
D7Peppy Hare
28.4%
E5Andross
27.6%
C2Krystal
25.1%
C1Candy Kong
24.5%
E7Master Hand
24.1%
F4Saria
23.7%
H4Mother Brain
21.5%
B8Andy
18.5%
G10Pauline
17.3%
B3Eliwood
17.2%
I9Doc
15.6%
D9Vaati
14.6%
J2Rowan
14%
C5Paula Polestar
13.7%
D6Isaac
13.5%
G4Louie
13.3%
C6Mona
11.7%
E8Giygas
11.6%
I69-Volt
11.2%
I2Blathers
11%
D3Linebeck
10.8%
E4(Red) Bulborb
10.8%
Column/row Name % Correct
J8Eggplant W.
10%
H1Rick
10%
F7Lubba
9.2%
G5Brewster
9.1%
D10Black Shadow
8.7%
C8Gracie
8.2%
I1Adm. Bobbery
7.9%
J7Raphael
7.2%
I5Squawks
6.8%
F1Captain Maple
5.6%
G1Orbulon
5.3%
F5Ephraim
5%
F10Saki Amamiya
5%
C10Flint
5%
H6Mr. EAD
4.8%
G3Master Belch
4.8%
C7Jody Summer
4.7%
J5Ch. Cole
4.7%
D5Micaiah
4.5%
J6Ashley
4.3%
C4Elincia
4.2%
I4Dr. Andonuts
4%
J1Adeleine
3.9%
E2O. Metroid
3.3%
H9Smokey Progg
3.2%
H7Carpainter
2.9%
B7Isa Jou
2.6%
H5Unira
2.6%
H8Ashera
2.2%
E6Gharnef
2.1%
G9Prof. Vector
2.1%
F6Rundas
1.9%
Remove Ads.
Support Sporcle.
Get the best of Sporcle when you Go Orange. This ad-free experience offers more features, more stats, and more fun while also helping to support Sporcle. Thank you for becoming a member.

You're not logged in!

Compare scores with friends on all Sporcle quizzes.
OR
Log In

Sporcle TV

Today on Sporcle TV


Watch our educational content, quiz creation guides, and fun videos on Sporcle TV.

Show Comments

Extras

Top Quizzes Today


Score Distribution

Paid Content

Your Account Isn't Verified!

In order to create a playlist on Sporcle, you need to verify the email address you used during registration. Go to your Sporcle Settings to finish the process.

Report this User

Report this user for behavior that violates our Community Guidelines.

Details: